000 00344nam a2200169Ia 4500
008 240510s9999 xx 000 0 und d
041 _asih
082 _a200
082 _bF55
100 _aFONSEKA, K.L.K
245 0 _aPeraliya
260 _bColombo:Emu Publishers
260 _c0
300 _a88 p.
942 _2ddc
942 _cLBK
999 _c28571
_d28571
945 _a1
_bMadushi Gamage
_c1
_dMadushi Gamage